000 00740nam a2200289Ia 4500
001 79048
003 IT-RoPAU
008 130308s9999 xx 000 0 und d
040 _aIT-RoPAU
040 _cIT-RoPAU
041 _aITALIANO
100 _aBanti Egidio
100 _gCodice Aut. SPICS: 27294
245 _aApporto delle tv minori
245 _bScuola, Educazione e Mentalita' Massmediale
250 _a1a ed.
260 _aROMA
260 _bEdav
260 _c1989 [1° Ed.:1989 - Ed.Ling.Originale:1988]
300 _a"2 p. (prefazione: no ; testo: 2 [pagine: 93-94])"
650 _aDIDATTICA AUDIOVISIVA
650 _eCodice materia Spics: 4002
942 _cBK
957 _71
999 _c45859
_d45859
999 _bSI
999 _g1